000 00520nam a22001817a 4500
010 _aENG-144819
020 _a9789384230630
_c300.00
035 _aEN-128351
037 _bDBAD
082 _a954.52
100 _aRoy, Dipendranarayan
_981119
245 _aThe Royal Story Of Tamralipta/
_cDipendranarayan Roy
260 _aKolkata
_bMandakranta
_c2022
270 _a6 College Row,
_bKolkata,
_e700009
_k9330831468
300 _a98p.
_c22cm.(HB)
700 _981099
942 _2ddc
_cEN
_h954.52
_mRoy
999 _c211221
_d211221